000 01270cam a2200313 i 4500
003 URS
005 20250701165503.0
008 121206s2013 njua b 001 0 eng
020 _a9781118443644 (cloth)
040 _bEnglish
_cURS
_erda
050 0 0 _aHB615
_b.F453 2013
100 1 _aFeld, Brad,
_eauthor.
245 1 0 _aStartup life :
_bsurviving and thriving in a relationship with an entrepreneur /
_cBrad Feld, Amy Batchelor.
264 1 _aHoboken, N.J. :
_bJohn Wiley & Sons, Inc.,
_c©2013.
300 _axvi, 203 pages :
_billustrations ;
_c24 cm.
336 _atext
_2rdacontent
337 _aunmediated
_2rdamedia
338 _avolume
_2rdacarrier
490 0 _aStartup revolution series
504 _aIncludes bibliographical references (pages185-188) and index.
505 0 _aIntroduction -- Philosophy -- Communication -- Startup company life.
650 0 _aEntrepreneurship
_xPsychological aspects.
650 0 _aBusinesspeople
_xPsychology.
650 0 _aMan-woman relationships
_xPsychological aspects.
650 0 _aInterpersonal relations.
700 1 _aBatchelor, Amy,
_eauthor.
776 0 8 _iOnline version:
_aFeld, Brad.
_tStartup life
_dHoboken, N.J. : John Wiley & Sons, Inc., [2013]
_z9781118516867
_w(DLC) 2012049064
942 _2lcc
_cFR
999 _c4859
_d4859